| 000 | 01659nam a22002777a 4500 | ||
|---|---|---|---|
| 001 | 8657 | ||
| 003 | FISKH | ||
| 005 | 20251205141156.0 | ||
| 008 | 251008b cb ||||| |||| 00| 0 eng d | ||
| 040 |
_aFISKH _bkhr _cFISKH _dFISKH |
||
| 050 | _aPZ7 | ||
| 082 | _a398.2 | ||
| 100 | _aMinistry of Education, Youth and Sports | ||
| 245 |
_aយល់សប្តិអាក្រក់ / _cក្រសួងអប់រំ យុវជន និង កីឡា |
||
| 260 |
_aPhnom Penh : _bកិច្ចសហប្រតិបត្តិការអភិវឌ្ឍន៍ប៊ែលហ្ស៊ិក , |
||
| 300 |
_a16 pages : _bcolor illustrations ; _c25 cm . |
||
| 505 | _aO | ||
| 520 | _aសុភាព និងប្អូនប្រុសរបស់នាងបានស្តាប់រឿងពេលដេកពីពូររបស់ពួកគេ។ ពេលនាងសុភាភមានសុបិន្តអាក្រក់ ហើយភ្ញាក់នៅចន្លោះអាធ្រាត្រ។ បន្ទាប់មកម៉ែមីបានប្រាប់រឿងល្អមួយទៀត ដើម្បីធ្វើអោយនាងស្ងប់ចិត្ត។ | ||
| 520 | _aSopheap and her brother listened to their uncle's bed-time story; when she had a nightmare and woke up in the middle of the night. Then, her aunty told her another good story to calm her down. | ||
| 521 | 8 |
_a600
_bLexile estimate |
|
| 521 | 8 |
_aO
_bRaz-Plus |
|
| 650 | _aយល់សប្តិអាក្រក់ | ||
| 650 | _aNightmare | ||
| 942 |
_2ddc _cKHB _n0 |
||
| 999 |
_c8657 _d8657 |
||